BIBLIOTHÈQUE DE LA MAISON DU MEXIQUE

Logo 1 Logo 2

Historia natural del olvido (notice nᵒ 181)

détails MARC
000 -Sello discográfico
campo de control de longitud fija 00878nam a2200289 4500
005 - Identificación de versión
campo de control 20251017062704.0
010 ## - Número Estándar Internacional de Libros (ISBN)
Número (ISBN) 968-36-2869-9
035 ## - Otros números de control del sistema
Número de control del sistema 19703
099 ## - fechas locales
Tipo de ítem Koha LIBRO
100 ## - Datos de procesamiento general
Datos de procesamiento general 19941003d1993 m y1spay5003 ba
105 ## - Campo de datos codificados: Material textual, monográfico
Datos codificados de monografía y 001gy
200 1# - Título y mención de responsabilidad
Título propio Historia natural del olvido
Designación general del material texto impreso
Primer mención de responsabilidad Freddy Domínguez Nárez
205 ## - Declaración de edición
Declaración de edición 1a ed
210 ## - Publicación, distribución, etc.
Lugar de publicación, distribución, etc. México
Nombre del editor, distribuidor, etc. Universidad Nacional Autónoma de México, Coordinación de Humanidades
Fecha de publicación, distribución, etc. 1993
215 ## - Descripción física
Designación de material específico y extensión del ítem 74 p
Dimensiones 21 cm
345 ## - Nota de información de adquisición
Fuente de adquisición/dirección de la suscripción [OBSOLETO] Donación Freddy Domínguez Nárez
606 ## - Término temático usado como materia
Elemento de entrada Poesía mexicana
Subdivisión cronológica Siglo XX
Número Koha 10
660 ## - Código de área geográfica
Código MX
700 ## - Nombre personal - Responsabilidad primaria
Elemento de entrada Domínguez Nárez
Parte del nombre distinta del elemento de entrada Freddy
Fechas 1969-
Adiciones a los nombres que no sean fechas Antonio Mestre
Número Koha 621
801 #0 - Fuente de origen
Agencia cm
900 ## -
-- 1/10589
900 ## -
-- 71094135\\\031094
942 ## - ELEMENTOS DE ENTRADA SECUNDARIOS (KOHA)
Tipo de ítem Koha Livre
996 ## -
-- MEX
-- 751145101
-- MMAG
-- 007350
-- 861.44 D671H
-- 20230206LIV
Exemplaires
Estatus retirado Estado de daño Estado de pérdida Fecha de adquisición Biblioteca de origen Biblioteca actual Ubicación en estantería Código de barras Precio de reemplazo Signatura topográfica completa No para préstamo Tipo de ítem Koha Nota pública Nota no pública
      05/08/2025 Casa México Paris Casa México Paris   007350 05/08/2025 861.44 D671H   Livre 20230206LIV 751145101